| 000 | 00637nam a2200229 a 4500 | ||
|---|---|---|---|
| 001 | BRCA_7931 | ||
| 005 | 20190320210045.0 | ||
| 008 | 070314s1968----fr-a###f##---#001-0#fre-# | ||
| 041 | _afre | ||
| 044 | _afr | ||
| 050 | 4 |
_aNK3000 _bJ37 _c1968 |
|
| 100 | 1 |
_aJarry, Madeleine _919628 |
|
| 245 | 1 | 0 |
_aLa tapisserie des origines a nos jours _cMadeleine Jarry. |
| 260 |
_aParís _bHachette _c1968 |
||
| 300 |
_a358 p. _bil. (algunas a color) _c31 cm. |
||
| 500 | _a3011 | ||
| 500 | _aIncluye catálogo de obras reproducidas | ||
| 504 | _aBobliografía p.349-354 | ||
| 650 | 1 | 4 |
_aTapices _vHistoria _919629 |
| 902 | _aGFM | ||
| 942 |
_2lcc _cB |
||
| 999 |
_c7601 _d7601 |
||